|
|
|
|
| LEADER |
00000nab a2200000 4500 |
| 005 |
20160331141858.0 |
| 008 |
160119b2009 cr f|||| |||| 00| 0 spa d |
| 090 |
|
|
|a REVIS 06.02.01
|
| 100 |
1 |
|
|9 1291
|a Chinchilla Rodríguez, Emilio
|
| 245 |
1 |
0 |
|a Jugando con personajes literarios /
|c Emilio Chinchilla Rodríguez
|
| 260 |
|
|
|a San José, Costa Rica :
|b Editorial Universidad de Costa Rica,
|c 2009
|
| 300 |
|
|
|a páginas 33-39
|
| 520 |
|
|
|a El artículo hace una propuesta innovadora para la aplicación de la técnica de "Juego de Roles" en la enseñanza de la literatura, que permite un acercamiento de los estudiantes a los textos de lectura obligatoria y otros, convirtiéndoles en lectores profundos y críticos, y en auténticos promotores de lectura
|
| 650 |
1 |
4 |
|9 1
|a EDUCACIÓN
|
| 773 |
0 |
|
|d San José, Costa Rica : Editorial de la Universidad de Costa Rica, 1997-
|o R0311
|t EDUCACIÓN: Revista de la Universidad de Costa Rica
|g Vol.33, no.1 (2009)
|
| 942 |
|
|
|h REVIS 06.02.01
|2 z
|c 10
|
| 999 |
|
|
|c 3024
|d 3024
|